000 00899nam a22002537a 4500
005 20170123162337.0
010 _aA-442598
020 _c50.00
035 _aA-442598
037 _bCen Lib/Ret
040 _aDPL
_bUR
082 _a848
_bع ب ا
100 _aعبّاسی، علی حمّاد
_9110538
245 _aجدید اردو تنقید پر مغربی کےاشرات /
_cعلی حمّاد عبّاسی
246 _aJadeed urdu tanqeed par maghribi ke asharat /
_bby Ali Hammad Abbas
260 _aعزیمگاڑھ
_bمیجر علی حمّاد عبّاس
270 _bعزیمگاڑھ
_a٢٢٧، باز بہادر
_e276001
300 _a167p.
_c21cm(Hb)
650 _a ادب - اردو
_9124988
650 _a اردو تنقید
_9124989
650 _aLiterature -- Urdu
_9124990
650 _aUrdu criticism
_9124991
942 _2ddc
_cUR
_h848
_mع ب ا
999 _c108252
_d108252